<?xml version="1.0" encoding="UTF-8"?><?xml-stylesheet type="text/xsl" href="static/style.xsl"?><OAI-PMH xmlns="http://www.openarchives.org/OAI/2.0/" xmlns:xsi="http://www.w3.org/2001/XMLSchema-instance" xsi:schemaLocation="http://www.openarchives.org/OAI/2.0/ http://www.openarchives.org/OAI/2.0/OAI-PMH.xsd"><responseDate>2026-04-17T08:13:33Z</responseDate><request verb="GetRecord" identifier="oai:www.recercat.cat:10230/60927" metadataPrefix="marc">https://recercat.cat/oai/request</request><GetRecord><record><header><identifier>oai:recercat.cat:10230/60927</identifier><datestamp>2025-12-20T17:05:07Z</datestamp><setSpec>com_2072_6</setSpec><setSpec>col_2072_452952</setSpec></header><metadata><record xmlns="http://www.loc.gov/MARC21/slim" xmlns:dcterms="http://purl.org/dc/terms/" xmlns:xsi="http://www.w3.org/2001/XMLSchema-instance" xmlns:doc="http://www.lyncode.com/xoai" xsi:schemaLocation="http://www.loc.gov/MARC21/slim http://www.loc.gov/standards/marcxml/schema/MARC21slim.xsd">
   <leader>00925njm 22002777a 4500</leader>
   <datafield ind2=" " ind1=" " tag="042">
      <subfield code="a">dc</subfield>
   </datafield>
   <datafield ind2=" " ind1=" " tag="720">
      <subfield code="a">Cañete González, Paola Isabel</subfield>
      <subfield code="e">author</subfield>
   </datafield>
   <datafield ind2=" " ind1=" " tag="720">
      <subfield code="a">Llopart, Elisabet</subfield>
      <subfield code="e">author</subfield>
   </datafield>
   <datafield ind2=" " ind1=" " tag="260">
      <subfield code="c">2024-08-27T06:42:49Z</subfield>
   </datafield>
   <datafield ind2=" " ind1=" " tag="260">
      <subfield code="c">2024-08-27T06:42:49Z</subfield>
   </datafield>
   <datafield ind2=" " ind1=" " tag="260">
      <subfield code="c">2021</subfield>
   </datafield>
   <datafield ind2=" " ind1=" " tag="520">
      <subfield code="a">La línea de investigación sobre innovación léxica y género iniciada por Cañete-González en 2016 arrojó diferencias cuantitativas y cualitativas entre mujeres y hombres en relación con el uso de neologismos: los hombres usan más unidades neológicas, y en sus innovaciones léxicas se observa una función más expresiva. En este trabajo se profundiza precisamente en el estudio de la función comunicativa de los neologismos de ambos géneros con el fin de observar si cuantitativamente mujeres y hombres usan neologismos con finalidades distintas. Para ello, se aplicaron los seis criterios de análisis establecidos por Llopart-Saumell (2016) basados en diferentes aspectos lingüísticos y extralingüísticos del neologismo a un corpus de 118 unidades neológicas extraídas de textos periodísticos escritos por mujeres y hombres. Los resultados mostraron un uso similar de neologismos denominativos por parte de ambos géneros y un mayor uso de neologismos estilísticos por parte de los hombres.</subfield>
   </datafield>
   <datafield tag="653" ind2=" " ind1=" ">
      <subfield code="a">Género</subfield>
   </datafield>
   <datafield tag="653" ind2=" " ind1=" ">
      <subfield code="a">Neologismo</subfield>
   </datafield>
   <datafield tag="653" ind2=" " ind1=" ">
      <subfield code="a">Función comunicativa</subfield>
   </datafield>
   <datafield tag="653" ind2=" " ind1=" ">
      <subfield code="a">Prensa</subfield>
   </datafield>
   <datafield ind2="0" ind1="0" tag="245">
      <subfield code="a">Las innovaciones léxicas de mujeres y hombres en la prensa española: divergencias en la motivación de uso</subfield>
   </datafield>
</record></metadata></record></GetRecord></OAI-PMH>